[Event "HCL-B203"]
[Site "www.playchess.de"]
[Date "2001.04.07"]
[Round "17"]
[White "BELAJ_BOY"]
[Black "O_Man"]
[WhiteElo "1200"]
[BlackElo "1103"]
[PlyCount "65"]
[Result "1-0"]

1.e4 {hi...good luck!}  f5 {thank you sir}  2.Nc3 
d6 3.d3 Nf6 4.Nf3 Nc6 5.Bg5 e5 6.Be2 h6 7.Bd2 d5 
8.exd5 Nxd5 9.O-O g5 10.Nxd5 Qxd5 11.Bc3 Bd6 
12.Nd2 h5 13.Bxh5+ Kd8 14.Qf3 Qxf3 15.Bxf3 e4 
16.dxe4 Bxh2+ 17.Kh1 g4 18.Bxh8 Bf4 19.Be2 Be6 
20.g3 Bxd2 21.Bf6+ Ke8 22.exf5 Bxf5 23.Bd3 Be6 
24.Be4 Nb4 25.Bc3 Nxc2 26.Bxc2 Bxc3 27.bxc3 Ke7 
28.Be4 Kf6 29.Bxb7 Rh8+ 30.Kg2 a6 31.f3 Kg5 32.f4+ 
Kf6 33.a3 1-0

[Event "HCL-E033"]
[Site "www.playchess.de"]
[Date "2001.04.07"]
[Round "5"]
[White "spinloop"]
[Black "paule"]
[WhiteElo "2000"]
[BlackElo "1994"]
[PlyCount "24"]
[Result "0-1"]

1.e4 {Hi, and good luck.}  e6 {Hi, You too...}  
2.d4 d5 3.Nc3 Bb4 4.e5 c5 5.a3 Ba5 6.b4 cxd4 7.Qg4 
Ne7 8.Nb5 Bc7 9.Qxg7 Rg8 10.Qxh7 a6 11.Nxc7+ Qxc7 
12.Ne2 Bd7 0-1

[Event "HCL-B201"]
[Site "www.playchess.de"]
[Date "2001.04.07"]
[Round "7"]
[White "SAROS"]
[Black "victor"]
[WhiteElo "1256"]
[BlackElo "1329"]
[PlyCount "49"]
[Result "1-0"]

1.e4 {Hi , good luck}  e6 {same here...}  2.d4 b6 
3.Nf3 Bb7 4.Bd3 c5 5.c3 cxd4 6.cxd4 Bb4+ 7.Bd2 Nc6 
8.O-O Bxd2 9.Nbxd2 Nf6 10.Re1 O-O 11.a3 d5 12.e5 
Nd7 13.Qc2 Rc8 14.Qb1 g6 15.Nb3 Ne7 16.Re3 f6 
17.exf6 Nf5 18.Rxe6 Rxf6 19.Bxf5 Rxf5 20.Qd3 Nf6 
21.Nh4 Qd7 22.Re3 Rg5 23.f4 Rh5 24.Rh3 Rc4 
25.Nd2 1-0

[Event "HCL-C208"]
[Site "www.playchess.de"]
[Date "2001.04.07"]
[Round "6"]
[White "ALTUS"]
[Black "sarek"]
[WhiteElo "1000"]
[BlackElo "1119"]
[PlyCount "29"]
[Result "1-0"]

1.b3 e5 2.g3 {Hi Sarek.}  d5 {hello}  3.Nf3 Nc6 
4.d3 Nf6 5.Nc3 Bb4 6.Bd2 {Hi.}  Bg4 7.Bg2 Ba3 
8.Nb5 Qe7 9.Ng5 h6 10.Nf3 a6 11.Nxa3 Qxa3 12.Nh4 
Qc5 13.f3 Bh5 14.g4 Bg6 15.a3 1-0

[Event "HCL-C208"]
[Site "www.playchess.de"]
[Date "2001.04.07"]
[Round "10"]
[White "sarek"]
[Black "Onwards_And_Upwords"]
[WhiteElo "1119"]
[BlackElo "1100"]
[PlyCount "40"]
[Result "0-1"]

1.e4 e5 {hi how you doing pleased to play you}  
2.Nf3 {I feel good.}  Nc6 {i wonder what opening 
your gonna play?}  3.Bb5 {Now it is obviously the 
ruy lopez.}  f5 4.Nc3 fxe4 5.Nxe4 d5 6.Bxc6+ bxc6 
7.Ng3 Bg4 8.h3 Bxf3 9.Qxf3 Bd6 10.Nf5 Qd7 11.Nxd6+ 
cxd6 12.O-O Nf6 13.d3 O-O 14.Qg3 Rab8 15.b3 d4 
16.Bh6 Nd5 17.a4 Nb4 18.Rac1 Rbe8 19.Rfe1 Re6 
20.Bd2 Rg6 0-1

[Event "HCL-B211"]
[Site "www.playchess.de"]
[Date "2001.04.07"]
[Round "7"]
[White "Torenvalk"]
[Black "hun"]
[WhiteElo "1646"]
[BlackElo "1721"]
[PlyCount "53"]
[Result "1-0"]

1.d4 {good luck}  Nf6 {Ja, wünsche ich auch! Gruß 
aus Vienna!     :)}  2.c4 g6 {  :)}  3.Nc3 Bg7 
4.e4 d6 5.Be2 O-O 6.Nf3 {Hi,how are you?}  e5 {Hi! 
  :)     thank,OK! and you?}  7.O-O {I am well.}  
Nc6 { :)}  8.d5 Ne7 9.Nd2 c6 10.b4 cxd5 11.cxd5 h5 
12.a4 b6 13.b5 a6 14.Ba3 Bg4 15.f3 Bd7 16.Bxd6 
Bxb5 17.Bxe7 Bxe2 18.Bxd8 Bxd1 19.Bxf6 Bxf6 
20.Rfxd1 {Great game !}  Be7 {  :)}  21.Nb3 Rfc8 
22.d6 Bd8 23.Nd5 Rc6 24.Ne7+ {Check}  Bxe7 {    
;)}  25.dxe7 Re8 26.Rd8 Rxd8 27.exd8Q+ {%} 
 1-0

[Event "HCL-B204"]
[Site "www.playchess.de"]
[Date "2001.04.07"]
[Round "13"]
[White "Jeff_Foster"]
[Black "Torenvalk"]
[WhiteElo "1495"]
[BlackElo "1646"]
[PlyCount "50"]
[Result "0-1"]

1.d4 Nf6 2.c4 e6 3.Nc3 Bb4 4.Qc2 O-O 5.Nf3 d5 6.a3 
Bxc3+ 7.Qxc3 a6 8.Bg5 dxc4 9.Qxc4 b5 10.Qc2 Bb7 
11.e3 Bxf3 12.gxf3 Nbd7 13.Bd3 Rc8 14.Bxh7+ Kh8 
15.Bd3 c5 16.Qc3 g6 17.O-O Kg7 18.Rac1 c4 19.Bc2 
Rh8 20.Qe1 e5 21.Rd1 Qc7 22.d5 Nc5 23.d6 Qd7 24.h4 
Qh3 25.f4 Ng4 0-1

[Event "HCL-A094"]
[Site "www.playchess.de"]
[Date "2001.04.07"]
[Round "36"]
[White "minkin72"]
[Black "JAVIER_12"]
[WhiteElo "2034"]
[BlackElo "1700"]
[PlyCount "21"]
[Result "1-0"]

1.d4 {Hi}  Nf6 2.c4 g6 {Hi!!!!}  3.Nc3 Bg7 4.e4 d6 
5.f3 c5 6.d5 O-O 7.Bg5 h6 8.Be3 e6 9.Qd2 h5 
10.dxe6 Bxe6 11.Rd1 1-0

[Event "ACL-A094"]
[Site "www.playchess.de"]
[Date "2001.04.07"]
[Round "11"]
[White "Winkler"]
[Black "Nobby66"]
[WhiteElo "1260"]
[BlackElo "1500"]
[PlyCount "78"]
[Result "0-1"]

1.e4 {Guten Abend Nobby,ich wünsche uns eine 
schöne Partie.Gruß Andreas}  e5 2.Nf3 Nf6 3.d4 
Nxe4 4.Nxe5 d6 5.Nf3 d5 6.Bd3 Be7 7.O-O Nc6 8.h3 
O-O 9.c4 Nb4 10.c5 b6 11.cxb6 axb6 12.a3 Nxd3 
13.Qxd3 Ba6 14.Qd1 Bxf1 15.Qxf1 Re8 16.Nc3 Bf6 
17.Nxe4 dxe4 18.Ne5 Bxe5 19.dxe5 Rxe5 20.Be3 c5 
21.Qb5 Rd5 22.b4 Qd6 23.bxc5 bxc5 24.g3 Qe6 25.Kh2 
Rh5 26.h4 Rxh4+ 27.gxh4 Qe5+ 28.Kg2 Qxa1 29.Qxc5 
Qxa3 30.Qd5 Re8 31.Qd7 Qe7 32.Qg4 Qe6 33.Kg3 Qxg4+ 
34.Kxg4 f6 35.h5 Kf7 36.f3 exf3 37.Kxf3 Rxe3+ 
38.Kxe3 Ke6 39.Kf4 f5 0-1

[Event "ACL-A114"]
[Site "www.playchess.de"]
[Date "2001.04.07"]
[Round "8"]
[White "roofus"]
[Black "Avulcan"]
[WhiteElo "696"]
[BlackElo "1500"]
[PlyCount "52"]
[Result "0-1"]

1.e4 e5 2.d4 exd4 3.Qxd4 Nc6 4.Qc4 Nf6 5.Nc3 Bb4 
6.e5 Qe7 7.Nf3 Nxe5 8.Nxe5 Qxe5+ 9.Be3 Bxc3+ 
10.bxc3 Nd5 11.Qd4 d6 12.f4 Qxe3+ 13.Be2 Qxc3+ 
14.Qxc3 Nxc3 15.Bc4 d5 16.Bd3 Ne4 17.O-O O-O 
18.Rae1 Bf5 19.Re3 Rfe8 20.Rfe1 Kf8 21.c4 Nd6 
22.Bxf5 Nxf5 23.R3e5 dxc4 24.Kf1 Nd6 25.g4 f6 
26.R5e6 Rxe6 0-1

[Event "HCL-B210"]
[Site "www.playchess.de"]
[Date "2001.04.07"]
[Round "17"]
[White "shepherd"]
[Black "DepthCharge"]
[WhiteElo "1392"]
[BlackElo "1522"]
[PlyCount "67"]
[Result "1-0"]

1.e4 c5 {Hello. Good luck! :)}  2.Nf3 d6 3.Bb5+ 
Bd7 4.Nc3 e5 5.d3 Nf6 6.Nh4 a6 7.Bc4 b5 8.Bd5 Bc6 
9.Bxc6+ Nxc6 10.O-O Be7 11.f4 Qd7 12.f5 b4 13.Ne2 
h6 14.Kh1 Ng4 15.Qe1 Bg5 16.Qg3 Bxh4 17.Qxh4 h5 
18.h3 f6 19.hxg4 Qf7 20.g5 fxg5 21.Bxg5 Kd7 22.a3 
Kc7 23.axb4 cxb4 24.c3 a5 25.d4 d5 26.dxe5 Nxe5 
27.Bf4 Qf6 28.Qxf6 gxf6 29.exd5 Rhf8 30.c4 Kd6 
31.Nd4 Kc5 32.Ne6+ Kxc4 33.Nxf8 Rxf8 
34.Rxa5 1-0

[Event "HCL-B210"]
[Site "www.playchess.de"]
[Date "2001.04.07"]
[Round "20"]
[White "DepthCharge"]
[Black "roofus"]
[WhiteElo "1522"]
[BlackElo "1248"]
[PlyCount "59"]
[Result "1-0"]

1.e4 {Good luck! :)}  e5 {thanks, good luck to you 
too.}  2.Nf3 Nc6 3.d4 d5 4.exd5 Qxd5 5.Nc3 Bb4 
6.Bd2 Qd6 7.Bb5 exd4 8.Ne4 Qe7 9.O-O Be6 10.Nxd4 
Bd5 11.Nc3 O-O-O 12.Nxd5 Rxd5 13.Qg4+ f5 14.Nxc6 
bxc6 15.Ba6+ Kd8 16.Qxb4 Qxb4 17.Bxb4 Nf6 18.Rad1 
Rxd1 19.Rxd1+ Nd5 20.c4 Ke8 21.cxd5 Kd7 22.d6 Re8 
23.dxc7+ Kxc7 24.Ba5+ Kb8 25.Rd8+ Rxd8 26.Bxd8 g5 
27.Bxg5 Kc7 28.Bd3 a5 29.Bxf5 h5 
30.f4 1-0

[Event "ACL-A108"]
[Site "www.playchess.de"]
[Date "2001.04.07"]
[Round "24"]
[White "Vampyr"]
[Black "Edik"]
[WhiteElo "1580"]
[BlackElo "1737"]
[PlyCount "28"]
[Result "0-1"]

1.e4 c6 2.d4 d5 3.Nc3 dxe4 4.Nxe4 Bf5 5.Ng3 Bg6 
6.h4 h6 7.Bc4 e6 8.N1e2 Bd6 9.Nf4 Bh7 10.Qg4 Bxf4 
11.Qxg7 Bxc1 12.Qxh8 Qa5+ 13.Kf1 Qd2 14.Be2 
Qxc2 0-1

[Event "HCL-C213"]
[Site "www.playchess.de"]
[Date "2001.04.07"]
[Round "4"]
[White "arsenic"]
[Black "Saroman"]
[WhiteElo "1225"]
[BlackElo "1000"]
[PlyCount "48"]
[Result "0-1"]

1.e4 e6 2.d4 d5 3.Nc3 Bb4 4.e5 c5 5.a3 Bxc3+ 
6.bxc3 Ne7 7.Qg4 Qc7 8.Qxg7 Rg8 9.Qxh7 cxd4 10.Qd3 
Qxe5+ 11.Ne2 dxc3 12.Qxc3 Nbc6 13.Qxe5 Nxe5 14.Bf4 
N5c6 15.Bg3 Bd7 16.Nf4 Nd4 17.Bd3 Ba4 18.Kd2 f6 
19.c3 Nb3+ 20.Ke3 Kf7 21.Rab1 Rac8 22.Ne2 b6 
23.Bc2 Nc5 24.Bxa4 Nxa4 0-1

[Event "HCL-B219"]
[Site "www.playchess.de"]
[Date "2001.04.07"]
[Round "18"]
[White "Czentovic"]
[Black "CALZON-FIESTERO"]
[WhiteElo "1236"]
[BlackElo "1500"]
[PlyCount "27"]
[Result "1-0"]

1.d4 d6 2.c4 Bf5 3.Nc3 Nc6 4.e4 Bg6 5.d5 Ne5 6.f4 
Nd7 7.f5 Ngf6 8.fxg6 hxg6 9.Nf3 Nb6 10.Be2 e5 
11.O-O Qd7 12.h3 Nh5 13.Qe1 O-O-O 
14.b4 1-0

[Event "HCL-C225"]
[Site "www.playchess.de"]
[Date "2001.04.07"]
[Round "9"]
[White "Eddie"]
[Black "ictus"]
[WhiteElo "1344"]
[BlackElo "1176"]
[PlyCount "27"]
[Result "1-0"]

1.d4 e6 2.c4 Nf6 3.Nf3 b6 4.Bg5 Bb7 5.e3 Bb4+ 
6.Nc3 c5 7.a3 Bxc3+ 8.bxc3 cxd4 9.cxd4 d5 10.cxd5 
Bxd5 11.Bb5+ Nbd7 12.Ne5 O-O 13.Nxd7 Bxg2 
14.Rg1 1-0

[Event "HCL-B229"]
[Site "www.playchess.de"]
[Date "2001.04.07"]
[Round "22"]
[White "serpens"]
[Black "molinov"]
[WhiteElo "1168"]
[BlackElo "1200"]
[PlyCount "32"]
[Result "0-1"]

1.e4 e5 2.Nf3 Nc6 3.Bb5 a6 4.Ba4 b5 5.Bb3 Nf6 
6.Ng5 d5 7.exd5 Nd4 8.c3 Nxb3 9.Qxb3 Nxd5 10.d4 f6 
11.Nf3 e4 12.Nfd2 f5 13.O-O c6 14.c4 Nf4 15.Re1 
Nd3 16.Rd1 Qxd4 0-1

[Event "HCL-B231"]
[Site "www.playchess.de"]
[Date "2001.04.07"]
[Round "3"]
[White "victor"]
[Black "sanjeevs"]
[WhiteElo "1296"]
[BlackElo "1200"]
[PlyCount "22"]
[Result "0-1"]

1.e4 c5 2.c3 d6 3.d4 Nf6 4.dxc5 Nxe4 5.cxd6 Nxd6 
6.Nf3 Nc6 7.Be2 e6 8.O-O Be7 9.Na3 O-O 10.Re1 a6 
11.Nc2 Nf5 0-1

[Event "HCL-B215"]
[Site "www.playchess.de"]
[Date "2001.04.07"]
[Round "18"]
[White "terrydean"]
[Black "Sportman"]
[WhiteElo "1341"]
[BlackElo "599"]
[PlyCount "61"]
[Result "1/2-1/2"]

1.e4 {Good Luck}  e6 2.d4 d5 3.e5 c5 4.c3 cxd4 
5.c4 dxc4 6.Bxc4 Nc6 7.Nf3 Bb4+ 8.Bd2 Bxd2+ 
9.Nbxd2 Nge7 10.O-O O-O 11.Nb3 Ng6 12.Re1 Qc7 
13.Qc2 Ncxe5 14.Nxe5 Nxe5 15.Rac1 Nxc4 16.Qxc4 
Qxc4 17.Rxc4 b6 18.Nxd4 Bb7 19.Rc7 Bd5 20.a3 g6 
21.Rec1 Rfd8 22.f3 a6 23.b3 e5 24.Nc6 Bxc6 
25.R1xc6 b5 26.Re7 Rd3 27.Rcc7 Rf8 28.Rca7 Rxb3 
29.Rxa6 b4 30.axb4 Rxb4 31.Rxe5 1/2-1/2

[Event "HCL-C236"]
[Site "www.playchess.de"]
[Date "2001.04.07"]
[Round "11"]
[White "sarek"]
[Black "trebli"]
[WhiteElo "1116"]
[BlackElo "1000"]
[PlyCount "30"]
[Result "0-1"]

1.e4 c5 2.c3 e5 3.Nf3 d6 4.Bc4 a6 5.O-O Nc6 6.d3 
Be6 7.Na3 Nf6 8.Bg5 b5 9.Bxe6 fxe6 10.Qb3 d5 
11.exd5 exd5 12.Rfe1 Be7 13.Nxe5 Nxe5 14.Rxe5 O-O 
15.Bxf6 gxf6 0-1

[Event "HCL-B239"]
[Site "www.playchess.de"]
[Date "2001.04.07"]
[Round "1"]
[White "serpens"]
[Black "FEMW"]
[WhiteElo "1119"]
[BlackElo "1755"]
[PlyCount "40"]
[Result "0-1"]

1.e4 e6 2.d4 d5 {Hello Serpens! Where are you 
from?}  3.Nc3 Bb4 4.a3 Bxc3+ 5.bxc3 dxe4 6.Qg4 Nf6 
7.Qxg7 Rg8 8.Qh6 Rg6 9.Qd2 Nc6 10.Ne2 Qd6 11.Ng3 
Bd7 12.Be2 O-O-O 13.O-O e5 14.Bh5 Nxh5 15.Nxh5 
Rdg8 16.Ng3 h5 17.h4 exd4 18.cxd4 Qxd4 19.Qxd4 
Nxd4 20.Kh1 e3 0-1

[Event "ACL-A113"]
[Site "www.playchess.de"]
[Date "2001.04.07"]
[Round "7"]
[White "bomber"]
[Black "guerino"]
[WhiteElo "1500"]
[BlackElo "1325"]
[PlyCount "26"]
[Result "0-1"]

1.d4 Nf6 2.c4 e6 3.e3 c5 4.Bd3 Nc6 5.Ne2 {hi}  d5 
6.Nbc3 cxd4 7.exd4 Bb4 8.Bd2 O-O 9.cxd5 Nxd5 
10.Nxd5 Bxd2+ 11.Qxd2 Qxd5 12.O-O b6 13.Qe3 
Bb7 0-1

[Event "HCL-C240"]
[Site "www.playchess.de"]
[Date "2001.04.07"]
[Round "3"]
[White "ictus"]
[Black "Violetvale"]
[WhiteElo "1155"]
[BlackElo "1000"]
[PlyCount "22"]
[Result "0-1"]

1.e4 c5 2.c3 Nc6 3.Bb5 a6 4.Bxc6 dxc6 5.Nf3 e6 
6.O-O Nf6 7.Re1 Be7 8.c4 b5 9.b3 O-O 10.d3 h6 
11.Ne5 Qd6 0-1

[Event "HCL-A108"]
[Site "www.playchess.de"]
[Date "2001.04.07"]
[Round "7"]
[White "One_i"]
[Black "GM_Miles"]
[WhiteElo "1657"]
[BlackElo "1600"]
[PlyCount "50"]
[Result "0-1"]

1.d4 {Good luck to you from Canada}  Nf6 {same to 
you}  2.Nf3 g6 3.Bf4 Bg7 4.e3 d6 5.Bd3 O-O 6.Nbd2 
b6 7.c3 Bb7 8.O-O Nbd7 9.e4 Re8 10.e5 Nh5 11.Bg3 
Nxg3 12.fxg3 dxe5 13.Qb3 exd4 14.Ng5 Nf6 15.Qxf7+ 
Kh8 16.Qe6 Rf8 17.Qe2 dxc3 18.bxc3 Bd5 19.c4 Bg8 
20.Rae1 Qd4+ 21.Kh1 Rad8 22.Ne6 Bxe6 23.Qxe6 Qxd3 
{lets not be foolish you are clearly lost please 
resign, as soon as i finish w/ u i can play new 
tour}  24.Ne4 Nxe4 25.Rxf8+ Rxf8 0-1

[Event "HCL-B240"]
[Site "www.playchess.de"]
[Date "2001.04.07"]
[Round "12"]
[White "rafita"]
[Black "victor"]
[WhiteElo "1418"]
[BlackElo "1288"]
[PlyCount "31"]
[Result "1-0"]

1.d4 d5 2.Nf3 Nf6 3.c4 c6 4.cxd5 cxd5 5.Bf4 e6 
6.e3 Bb4+ 7.Nc3 Ne4 8.Qa4+ Nc6 9.Rc1 Bd7 10.Bb5 
Bxc3+ 11.bxc3 Qa5 12.Qb3 a6 13.Bd3 O-O 14.O-O b5 
15.Bxe4 dxe4 16.Nd2 1-0

[Event "HCL-C241"]
[Site "www.playchess.de"]
[Date "2001.04.07"]
[Round "2"]
[White "Jiaolong"]
[Black "ictus"]
[WhiteElo "800"]
[BlackElo "1155"]
[PlyCount "25"]
[Result "1-0"]

1.e4 {hello}  e6 2.Nf3 d5 3.Nc3 d4 4.Nb5 c5 5.c3 
Bd7 6.cxd4 cxd4 7.Qc2 Bxb5 8.Bxb5+ Nc6 9.Qd3 Bc5 
10.O-O Nf6 11.a3 O-O 12.Ng5 e5 
13.Qb3 1-0

[Event "HCL-C241"]
[Site "www.playchess.de"]
[Date "2001.04.07"]
[Round "11"]
[White "ictus"]
[Black "Garant"]
[WhiteElo "1155"]
[BlackElo "1000"]
[PlyCount "24"]
[Result "0-1"]

1.e4 e5 2.Nf3 Nf6 3.Nxe5 d6 4.Nf3 Nxe4 5.Qe2 Qe7 
6.d3 Nf6 7.Nc3 Qxe2+ 8.Bxe2 g6 9.Bg5 Bg7 10.O-O-O 
Be6 11.Nd4 Nc6 12.Nxc6 bxc6 0-1

[Event "HCL-C241"]
[Site "www.playchess.de"]
[Date "2001.04.07"]
[Round "32"]
[White "foxzy"]
[Black "Coney"]
[WhiteElo "1077"]
[BlackElo "1109"]
[PlyCount "81"]
[Result "1-0"]

1.d4 d5 2.c4 e6 3.e3 Nf6 4.Nf3 Bb4+ 5.Bd2 Bxd2+ 
6.Qxd2 O-O 7.Bd3 Nc6 8.c5 b6 9.b4 Bb7 10.O-O Ne4 
11.Qc2 Nxb4 12.Qb3 Nxd3 13.Qxd3 bxc5 14.dxc5 c6 
15.Qd4 Ba6 16.Rc1 Qf6 17.Na3 Qxd4 18.Nxd4 Rfc8 
19.Rab1 Nd2 20.Rb4 Nc4 21.Ra4 Nxa3 22.Rxa6 Nc4 
23.Nxc6 Rc7 24.e4 g6 25.f3 Kg7 26.Kf2 Kf6 27.Rc2 
Ne5 28.exd5 exd5 29.Nd4+ Ke7 30.Ke3 Nd7 31.c6 Nb6 
32.Kf4 Nc4 33.Nb5 g5+ 34.Kxg5 Rg8+ 35.Kf4 Rcc8 
36.g4 Rg6 37.Rxa7+ Kf8 38.c7 Rf6+ 39.Kg3 Nd6 
40.Nxd6 Rxd6 41.Rb7 1-0

[Event "HCL-B233"]
[Site "www.playchess.de"]
[Date "2001.04.07"]
[Round "23"]
[White "MP"]
[Black "Hamburger"]
[WhiteElo "1151"]
[BlackElo "1491"]
[PlyCount "50"]
[Result "0-1"]

1.d4 d5 2.Nf3 Nf6 3.e3 e6 4.Be2 c5 5.c3 Nc6 6.Nbd2 
c4 7.O-O b5 8.b3 a5 9.Bb2 Be7 10.Re1 Bd7 11.Qc2 a4 
12.bxc4 bxc4 13.a3 Na5 14.Ne5 Bb5 15.Bf3 Nb3 
16.Nxb3 axb3 17.Qc1 Ra4 18.e4 O-O 19.exd5 Nxd5 
20.Ng4 Bg5 21.Ne3 Nf4 22.g3 Nd3 23.Qd1 Nxb2 24.Qe2 
Nd3 25.Red1 Qd6 0-1

[Event "HCL-B245"]
[Site "www.playchess.de"]
[Date "2001.04.07"]
[Round "10"]
[White "Mother_Teresa"]
[Black "roofus"]
[WhiteElo "1174"]
[BlackElo "1237"]
[PlyCount "35"]
[Result "1-0"]

1.e4 e5 2.Nf3 Nc6 3.d4 exd4 4.Bc4 Bb4+ 5.Bd2 Nf6 
6.e5 Ne4 7.c3 d5 8.Bb5 dxc3 9.Bxc6+ bxc6 10.Nxc3 
Nxc3 11.Bxc3 Bc5 12.O-O Qe7 13.h3 Be6 14.b4 Bb6 
15.a4 Bf5 16.a5 f6 17.Re1 fxe5 
18.Rxe5 1-0

[Event "HCL-B226"]
[Site "www.playchess.de"]
[Date "2001.04.07"]
[Round "2"]
[White "ciceradecarvalho"]
[Black "Translightor"]
[WhiteElo "1200"]
[BlackElo "1488"]
[PlyCount "67"]
[Result "1/2-1/2"]

1.e4 c5 {Welcome and good luck!}  2.Nf3 {good Luck 
too!}  e6 3.d4 cxd4 4.Nxd4 a6 5.c4 b6 6.Nc3 Bb7 
7.Bd3 Qc7 8.Nf3 d6 9.O-O Nf6 10.Re1 Nbd7 11.Qe2 
Be7 12.e5 dxe5 13.Nxe5 Nxe5 14.Qxe5 Bd6 15.Qg5 O-O 
16.Qh4 Be7 17.Qh3 Rad8 18.Bg5 g6 19.Rad1 Rd7 
20.Qh4 Qd8 21.Bc2 Re8 22.Rxd7 Nxd7 23.Bxe7 Qxe7 
24.Qxe7 Rxe7 25.Be4 Nc5 26.Bxb7 Rxb7 27.Rd1 {You 
knows somethings about Dakini to lose all yours 
games?}  Kf8 {He had to stop because of some 
private problems. I hope he'll get over them.}  
28.b4 {thanks}  Nd7 29.f4 Ke7 30.Ne4 Rc7 31.Rc1 h6 
32.Kf2 f5 33.Nd2 e5 34.g3 1/2-1/2

[Event "HCL-C255"]
[Site "www.playchess.de"]
[Date "2001.04.07"]
[Round "1"]
[White "IQ"]
[Black "chico"]
[WhiteElo "826"]
[BlackElo "1094"]
[PlyCount "44"]
[Result "0-1"]

1.e4 e5 2.Nf3 Nc6 3.Bb5 d6 4.d4 exd4 5.Nxd4 Bd7 
6.O-O Nf6 7.Re1 Nxd4 8.Bxd7+ Qxd7 9.Qxd4 c5 10.Qd3 
Be7 11.Nc3 h6 12.f4 O-O-O 13.h3 a6 14.e5 dxe5 
15.Qxd7+ Rxd7 16.fxe5 Nd5 17.Nxd5 Rxd5 18.e6 fxe6 
19.Rxe6 Rd1+ 20.Kf2 Kd7 21.Re1 Bh4+ 22.Ke2 
Rxe1+ 0-1

[Event "HCL-C253"]
[Site "www.playchess.de"]
[Date "2001.04.07"]
[Round "2"]
[White "Remitroamer"]
[Black "suez"]
[WhiteElo "1000"]
[BlackElo "1404"]
[PlyCount "20"]
[Result "0-1"]

1.Nf3 {Here we go!}  Nf6 {Indeed and welcome!}  
2.Nc3 d5 3.a4 d4 4.Nb5 a6 5.Nbxd4 c5 6.Nb3 c4 
7.Na5 Qxa5 8.Ra3 e5 9.b3 Bxa3 10.b4 
Qxb4 0-1

[Event "HCL-C253"]
[Site "www.playchess.de"]
[Date "2001.04.07"]
[Round "3"]
[White "morphy"]
[Black "Remitroamer"]
[WhiteElo "1199"]
[BlackElo "1000"]
[PlyCount "21"]
[Result "1-0"]

1.e4 {Hi ;-)}  c5 {Hello}  2.Nf3 {Played chess 
very long?}  b5 {Played for 7 years, but still 
terrible at it}  3.Bxb5 {It takes time and study.} 
 g6 4.d4 e6 5.b3 Nf6 6.Qd3 Qa5+ 7.Bd2 Qc7 8.O-O g5 
9.e5 Ng4 10.Nxg5 f6 11.exf6 1-0

[Event "HCL-B259"]
[Site "www.playchess.de"]
[Date "2001.04.07"]
[Round "1"]
[White "thales"]
[Black "scd119"]
[WhiteElo "1500"]
[BlackElo "1898"]
[PlyCount "36"]
[Result "0-1"]

1.d4 Nf6 2.Nf3 e6 3.c4 d5 4.Nc3 Bb4 5.a3 Bxc3+ 
6.bxc3 c5 7.Bg5 Qa5 8.Bd2 dxc4 9.e3 cxd4 10.exd4 
Qd5 11.Be2 Nc6 12.O-O O-O 13.Rb1 Bd7 14.Rxb7 Nxd4 
15.Rxd7 Nxe2+ 16.Qxe2 Nxd7 17.Nd4 Nc5 18.Qg4 
f5 0-1

[Event "HCL-A116"]
[Site "www.playchess.de"]
[Date "2001.04.07"]
[Round "32"]
[White "Tassiac"]
[Black "teenspirit"]
[WhiteElo "1578"]
[BlackElo "1637"]
[PlyCount "34"]
[Result "0-1"]

1.d4 f5 {Hi}  2.Nf3 Nf6 3.e3 {hello}  e6 4.c4 b6 
5.Nc3 Bb7 6.Be2 Bb4 7.Bd2 O-O 8.O-O d6 9.a3 Bxc3 
10.bxc3 Ne4 11.Re1 Rf6 12.Qc2 Rh6 13.Bc1 Nd7 
14.Bb2 g5 15.d5 exd5 16.cxd5 g4 17.Nd2 
Qh4 0-1

[Event "HCL-E032"]
[Site "www.playchess.de"]
[Date "2001.04.07"]
[Round "7"]
[White "Mosca"]
[Black "Stan"]
[WhiteElo "2100"]
[BlackElo "2000"]
[PlyCount "37"]
[Result "1/2-1/2"]

1.e4 c6 {Hallo,and good luck!}  2.d4 d5 3.Nc3 dxe4 
4.Nxe4 Bf5 5.Ng3 Bg6 6.f4 e6 7.Nf3 Bd6 8.Ne5 Ne7 
9.c3 Nd7 10.Be2 Nf6 11.O-O Qc7 12.Nh5 Nxh5 13.Bxh5 
Bxe5 14.fxe5 O-O 15.Bg5 c5 16.Rc1 Rac8 17.Bxe7 
Qxe7 18.Bxg6 hxg6 19.Rf4 1/2-1/2

[Event "HCL-E032"]
[Site "www.playchess.de"]
[Date "2001.04.07"]
[Round "16"]
[White "peze"]
[Black "Stan"]
[WhiteElo "2013"]
[BlackElo "2000"]
[PlyCount "40"]
[Result "1/2-1/2"]

1.e4 {Hi! Good luck!}  c6 {Good luck to you too!}  
2.d4 d5 3.Nd2 dxe4 4.Nxe4 Bf5 5.Ng3 Bg6 6.h4 h6 
7.Nf3 Nd7 8.h5 Bh7 9.Bd3 Bxd3 10.Qxd3 Qc7 11.Rh4 
e6 12.Bf4 Bd6 13.Bxd6 Qxd6 14.Ne4 Qe7 15.O-O-O 
Ngf6 16.Nxf6+ gxf6 17.Kb1 O-O-O 18.g3 Ne5 19.Qe2 
Nxf3 20.Qxf3 f5 {A draw?!}  1/2-1/2

[Event "HCL-B266"]
[Site "www.playchess.de"]
[Date "2001.04.07"]
[Round "20"]
[White "lonewolf"]
[Black "SAROS"]
[WhiteElo "1615"]
[BlackElo "1276"]
[PlyCount "41"]
[Result "1-0"]

1.e4 c6 2.d4 e6 3.c4 a6 4.Nc3 Bb4 5.Bd3 d6 6.Nf3 
Bxc3+ 7.bxc3 Qa5 8.Bf4 Qxc3+ 9.Kf1 Ne7 10.Bxd6 b5 
11.Rb1 Nd7 12.Bb4 Qxb4 13.Rxb4 a5 14.Rb3 b4 15.c5 
O-O 16.a3 bxa3 17.Rxa3 f5 18.exf5 exf5 19.Qe1 Nf6 
20.Qxe7 Nd5 21.Bc4 1-0

[Event "HCL-C243"]
[Site "www.playchess.de"]
[Date "2001.04.07"]
[Round "21"]
[White "Yurispb"]
[Black "guigao"]
[WhiteElo "1001"]
[BlackElo "1425"]
[PlyCount "55"]
[Result "1-0"]

1.e4 c5 2.d4 cxd4 3.c3 dxc3 4.Nxc3 Nc6 5.Nf3 e6 
6.Bc4 Bc5 7.O-O Qb6 8.Qe2 Nge7 9.Na4 Qb4 10.Nxc5 
Qxc5 11.Be3 Qa5 12.Rfd1 a6 13.Rd6 b5 14.Bb3 Qb4 
15.Qd3 Bb7 16.a3 Qa5 17.Rxd7 Rb8 18.Bf4 Rd8 19.Rd1 
O-O 20.Bc7 Qxc7 21.Rxc7 Rxd3 22.Rxd3 Bc8 23.Ba2 
Re8 24.Rc3 Rd8 25.h3 Bd7 26.Rd3 Nb8 27.Ne5 Rc8 
28.Rxc8+ 1-0

[Event "HCL-C264"]
[Site "www.playchess.de"]
[Date "2001.04.07"]
[Round "6"]
[White "trebli"]
[Black "guigao"]
[WhiteElo "999"]
[BlackElo "1425"]
[PlyCount "52"]
[Result "0-1"]

1.e4 c5 2.c4 Nc6 3.d3 Nf6 4.Nc3 d6 5.Be3 g6 6.f3 
Bg7 7.Be2 O-O 8.Nh3 Bxh3 9.gxh3 Qb6 10.Qc2 Nd4 
11.Bxd4 cxd4 12.Na4 Qa5+ 13.Kd1 a6 14.Re1 b5 
15.cxb5 axb5 16.b4 Qxa4 17.Qxa4 Rxa4 18.f4 Bh6 
19.f5 Rxb4 20.h4 Rb2 21.Rg1 Nd7 22.Bg4 Ne5 23.Be2 
Rc8 24.Ke1 Rcc2 25.Bd1 Nxd3+ 26.Kf1 
Rcf2+ 0-1

[Event "ACL-A136"]
[Site "www.playchess.de"]
[Date "2001.04.07"]
[Round "9"]
[White "Mother_Teresa"]
[Black "Albixa"]
[WhiteElo "1464"]
[BlackElo "1500"]
[PlyCount "48"]
[Result "0-1"]

1.e4 c6 2.d4 d6 3.Nf3 g6 4.Bc4 Bg7 5.O-O Nf6 6.Nc3 
O-O 7.Bf4 Nbd7 8.h3 b5 9.Bd3 a5 10.a3 Bb7 11.Re1 
Nh5 12.Bd2 Qb6 13.Be3 Rac8 14.e5 dxe5 15.dxe5 Qc7 
16.Bd2 Nxe5 17.Qe2 Nxd3 18.Qxd3 Rcd8 19.Rab1 Rxd3 
20.cxd3 e6 21.d4 Rd8 22.Be3 Nf4 23.Bxf4 Qxf4 
24.Re4 Qc7 0-1

[Event "HCL-A117"]
[Site "www.playchess.de"]
[Date "2001.04.07"]
[Round "12"]
[White "jimmyaaa"]
[Black "Stiki"]
[WhiteElo "2013"]
[BlackElo "1962"]
[PlyCount "35"]
[Result "1-0"]

1.e4 c6 {Hello,and good luck!}  2.d4 {Good luck 
for you too.}  d5 3.exd5 cxd5 4.c4 Nf6 5.Nc3 e6 
6.Nf3 Bb4 7.cxd5 exd5 8.Bd3 O-O 9.O-O Bg4 10.Qb3 
Nc6 11.Ne5 a5 12.Nxg4 Nxg4 13.Nxd5 Nxh2 14.Kxh2 
Nxd4 15.Bxh7+ Kxh7 16.Qd3+ f5 17.Qxd4 Rh8 
18.Rd1 1-0

[Event "HCL-A109"]
[Site "www.playchess.de"]
[Date "2001.04.07"]
[Round "11"]
[White "LUCIANO"]
[Black "Tinho"]
[WhiteElo "1700"]
[BlackElo "1846"]
[PlyCount "50"]
[Result "0-1"]

1.d4 d5 2.c4 c6 3.Nf3 Nf6 4.Nc3 dxc4 5.a4 Bf5 6.e3 
e6 7.Bxc4 Bb4 8.O-O O-O 9.Qe2 Nbd7 10.e4 Bg6 
11.Bd3 c5 12.e5 cxd4 13.Bxg6 dxc3 14.Bxf7+ Rxf7 
15.exf6 Qxf6 16.bxc3 Bxc3 17.Bg5 Qf5 18.Rac1 Bf6 
19.Bxf6 Nxf6 20.Rfe1 Re8 21.Nd4 Qf4 22.Nxe6 Qxa4 
23.Qd3 Rfe7 24.Qh3 Qd7 25.Rc7 Qxc7 0-1

[Event "HCL-B273"]
[Site "www.playchess.de"]
[Date "2001.04.07"]
[Round "28"]
[White "jefersonmello"]
[Black "alaa"]
[WhiteElo "1269"]
[BlackElo "1200"]
[PlyCount "38"]
[Result "0-1"]

1.e4 e5 2.Nf3 Bd6 3.Bc4 Nf6 4.O-O O-O 5.Re1 Nc6 
6.d4 exd4 7.Nxd4 Re8 8.Nxc6 dxc6 9.Nc3 Bg4 10.f3 
Be6 11.Bd3 Nh5 12.Ne2 Qh4 13.h3 Bc5+ 14.Kh1 Bxh3 
15.Bf4 g5 16.Bh2 Bxg2+ 17.Kxg2 Qf2+ 18.Kh3 Qxf3+ 
19.Ng3 Nf4+ 0-1